=LDR 00000nam 2200000 4500 =001 INLIS000000000031583 =005 20130612133640 =008 ***********************************ind** =035 ##$$0010-061300000031583 =041 ##$$a ind =082 ##$$a 813 =090 ##$$a 813, Ira, p =100 ##$$a Irawan, Bambang =245 ##$$a Pandawa, Bambang Irawan, Herry =260 ##$$a 2001 $b Jakarta =300 ##$$a 31 hlm, ilus, 25 cm =650 ##$$a FIKSI KANAK-KANAK =700 ##$$a Herry =850 ##$$a NBPNMAT